| 000 | 01006cam a2200181 i 4500 | ||
|---|---|---|---|
| 082 | 0 | 0 |
_a624 _bAPP _cL-39, P-188 |
| 245 | 0 | 0 |
_aProceedings of the Conference on Applied Techniques for Cold Environments / _cCold Regions Specialty Conference, Anchorage, Alaska, May 17-19, 1978 ; sponsored by Alaska Section, ASCE, ASCE Task Committee on Cold Regions, cosponsored by the Canadian Society for Civil Engineers. |
| 260 |
_aNew York : _bAmerican Society of Civil Engineers, _cc1978-c1979. |
||
| 300 |
_a2 v. (vii, 1167 p.) : _bill. ; _c22 cm. |
||
| 500 | _aOn spine: Applied techniques for cold environments. | ||
| 526 |
_a0 _b0 _c0 _d624_000000000000000_APP |
||
| 650 | 0 |
_aCivil engineering _xCold weather conditions _xCongresses. _947239 |
|
| 650 | 0 |
_aCivil engineering _zAlaska _xCold weather conditions _xCongresses. _947240 |
|
| 710 | 2 |
_aAmerican Society of Civil Engineers. _9702 |
|
| 710 | 2 |
_aAmerican Society of Civil Engineers. _9702 |
|
| 710 | 2 |
_aCanadian Society for Civil Engineers. _947241 |
|
| 942 |
_2ddc _cBK |
||
| 999 |
_c550546 _d550546 |
||